Normal view MARC view
  • MINING ENGINEERING

Entry Topical Term

Number of records used in: 1

001 - CONTROL NUMBER

  • control field: 3627

003 - CONTROL NUMBER IDENTIFIER

  • control field: OSt

005 - DATE AND TIME OF LATEST TRANSACTION

  • control field: 20161022151548.0

008 - FIXED-LENGTH DATA ELEMENTS

  • fixed length control field: 161022|| aca||aabn | a|a d

040 ## - CATALOGING SOURCE

  • Original cataloging agency: OSt
  • Transcribing agency: OSt

150 ## - HEADING--TOPICAL TERM

  • Topical term or geographic name as entry element: MINING ENGINEERING

670 ## - SOURCE DATA FOUND

  • Source citation: Work cat.: (OSt): KARMAKAR,H.N 3626, ONELINE METAL MINING